Tokushima Prefecture, Japan - Map Quiz - Statistics

General Stats
  • This quiz has been taken 106 times
  • The average score is 12 of 24
Answers on the Map
Answers color-coded by a green-red scale on the quiz's map according to % correct below.
 
Answer Stats
Answer % Correct
Tokushima
95%
Naruto
83%
Anan
71%
Awa
68%
Mugi
68%
Miyoshi
66%
Mima
63%
Komatsushima
61%
Yoshinogawa
56%
Minami
54%
Naka
51%
Aizumi
46%
Itano
44%
Kamikatsu
44%
Tsurugi
44%
Higashimiyoshi
41%
Matsushige
41%
Sanagochi
41%
Kaiyo
39%
Kamiyama
39%
Kamiita
34%
Katsuura
34%
Ishii
29%
Kitajima
29%
No matching quizzes found
Score Distribution
Percent of People with Each Score
Percentile by Number Answered
Your Score History
You have not taken this quiz